[Event "13th Central CC (Alekhine mem)"]
[Site "Moscow URS"]
[Date "1971.11.24"]
[Round "1"]
[White "Parma, Bruno"]
[Black "Karpov, Anatoly"]
[Result "1/2-1/2"]
[WhiteElo "2530"]
[BlackElo "2540"]
[EventDate "1971.11.24"]
[PlyCount "104"]

1.e4 c5 2.Nf3 e6 3.d4 cxd4 4.Nxd4 Nc6 5.Nc3 a6 6.f4 Qc7 7.Be3 b5 8.Nb3 Nf6
9.Bd3 d6 10.O-O Be7 11.Qf3 O-O 12.a4 b4 13.Nb1 a5 14.N1d2 Ba6 15.Bf2 Rfc8 
16.Rae1 d5 17.e5 Nd7 18.Qh3 g6 19.Kh1 Nd8 20.Nf3 Qb7 21.Bh4 Bxh4 22.Qxh4 
Nf8 23.Nbd4 Bxd3 24.cxd3 Qd7 25.Qg5 h5 26.Qh6 Nc6 27.Nb5 Ne7 28.Nfd4 Nf5 
29.Nxf5 exf5 30.Qg5 Rc2 31.b3 Rac8 32.Qg3 d4 33.Qf3 Rb2 34.Rb1 Rxb1 35.
Rxb1 Ne6 36.Nd6 Rc3 37.h3 Qc6 38.Qg3 Rc1+ 39.Rxc1 Qxc1+ 40.Kh2 Qxf4 41.Nc4
Qc1 42.Qf3 Qe1 43.Qg3 Qc3 44.Nxa5 Kg7 45.Qf3 h4 46.Nc4 Qxb3 47.a5 Qa2 48.
Qb7 Nf4 49.e6 Qf2 50.exf7 Qg3+ 51.Kh1 Qe1+ 52.Kh2 Qg3+ 1/2-1/2

[Event "13th Central CC (Alekhine mem)"]
[Site "Moscow URS"]
[Date "1971.11.24"]
[Round "1"]
[White "Lengyel, Levente"]
[Black "Spassky, Boris"]
[Result "0-1"]
[WhiteElo "2485"]
[BlackElo "2690"]
[EventDate "1971.11.24"]
[PlyCount "80"]

1.Nf3 d5 2.d4 e6 3.c4 f5 4.g3 Nf6 5.Bg2 Be7 6.O-O O-O 7.Qc2 Nc6 8.a3 a5 9.
b3 Bd7 10.Nc3 Be8 11.cxd5 Nxd5 12.Bb2 Bh5 13.Na4 Qe8 14.Nc5 Bxc5 15.dxc5 
Qe7 16.Ne5 f4 17.Be4 Nxe5 18.Bxe5 Qg5 19.Qb2 Rf7 20.Bg2 Raf8 21.b4 axb4 
22.axb4 Rf5 23.Bd4 f3 24.exf3 Bxf3 25.Bxf3 Rxf3 26.Qe2 Qg4 27.Qe5 Nxb4 28.
h3 Qg6 29.Qxc7 Nc6 30.Be3 h5 31.h4 R3f7 32.Qb6 Qg4 33.Qb2 Qh3 34.Ra4 Rf3 
35.Rf4 R8xf4 36.Bxf4 Rxf4 37.gxf4 Qg4+ 38.Kh1 Qxh4+ 39.Kg1 Qg4+ 40.Kh1 
Qf3+ 0-1

[Event "13th Central CC (Alekhine mem)"]
[Site "Moscow URS"]
[Date "1971.11.24"]
[Round "1"]
[White "Gheorghiu, Florin"]
[Black "Uhlmann, Wolfgang"]
[Result "1/2-1/2"]
[WhiteElo "2530"]
[BlackElo "2570"]
[EventDate "1971.11.24"]
[PlyCount "53"]

1.e4 e6 2.d4 d5 3.Nc3 Bb4 4.Ne2 dxe4 5.a3 Be7 6.Nxe4 Nf6 7.N2g3 Nc6 8.c3 
O-O 9.Nxf6+ Bxf6 10.Bc4 e5 11.d5 Ne7 12.Ne4 Nf5 13.O-O Nd6 14.Nxd6 Qxd6 
15.Be3 b6 16.Qe2 Bb7 17.Rad1 c6 18.dxc6 Qxc6 19.Bd5 Qc7 20.Qf3 Bxd5 21.
Rxd5 Rad8 22.Rfd1 Rxd5 23.Rxd5 Rd8 24.Qd1 Rxd5 25.Qxd5 Qd8 26.Qxd8+ Bxd8 
27.Kf1 1/2-1/2

[Event "13th Central CC (Alekhine mem)"]
[Site "Moscow URS"]
[Date "1971.11.24"]
[Round "1"]
[White "Olafsson, Fridrik"]
[Black "Tal, Mikhail"]
[Result "1-0"]
[WhiteElo "2570"]
[BlackElo "2620"]
[EventDate "1971.11.24"]
[PlyCount "43"]

1.d4 Nf6 2.c4 c5 3.Nf3 cxd4 4.Nxd4 e6 5.Nc3 Bb4 6.Nb5 O-O 7.a3 Bxc3+ 8.
Nxc3 d5 9.Bg5 h6 10.Bxf6 Qxf6 11.e3 Rd8 12.cxd5 exd5 13.Qd4 Qg5 14.h4 Qf5 
15.Bd3 Qe6 16.O-O-O Nc6 17.Qf4 d4 18.exd4 Rxd4 19.Qc7 Bd7 20.Rhe1 Qf6 21.
Re4 Rc8 22.Qxc8+ 1-0

[Event "13th Central CC (Alekhine mem)"]
[Site "Moscow URS"]
[Date "1971.11.25"]
[Round "2"]
[White "Spassky, Boris"]
[Black "Gheorghiu, Florin"]
[Result "1-0"]
[WhiteElo "2690"]
[BlackElo "2530"]
[EventDate "1971.11.24"]
[PlyCount "73"]

1.d4 Nf6 2.c4 g6 3.Nc3 Bg7 4.e4 d6 5.f3 c5 6.dxc5 dxc5 7.Qxd8+ Kxd8 8.Be3 
Nfd7 9.O-O-O b6 10.f4 Bxc3 11.bxc3 Bb7 12.Nf3 Ke8 13.e5 Bxf3 14.gxf3 f5 
15.exf6 Nxf6 16.f5 Nc6 17.fxg6 hxg6 18.Bg5 Kf7 19.h4 Rad8 20.Re1 Rd6 21.
Rh2 Nh7 22.Bd2 Nf6 23.Kc2 Re6 24.Rxe6 Kxe6 25.Bd3 Kf7 26.Bf4 Nh5 27.Bg5 
Ng3 28.Rh3 Nh5 29.f4 Nf6 30.Rg3 Rg8 31.f5 Ne5 32.fxg6+ Nxg6 33.Re3 Nf8 34.
Bf5 e6 35.Bh3 Rg6 36.a4 N6h7 37.Bf4 1-0

[Event "13th Central CC (Alekhine mem)"]
[Site "Moscow URS"]
[Date "1971.11.25"]
[Round "2"]
[White "Petrosian, Tigran"]
[Black "Balashov, Yury"]
[Result "1-0"]
[WhiteElo "2640"]
[BlackElo "2570"]
[EventDate "1971.11.24"]
[PlyCount "119"]

1.d4 Nf6 2.c4 e6 3.Nc3 Bb4 4.e3 c5 5.Ne2 cxd4 6.exd4 Ne4 7.Bd2 Nxd2 8.Qxd2
d5 9.a3 Be7 10.cxd5 exd5 11.Nf4 O-O 12.Nfxd5 Bg5 13.f4 Re8+ 14.Be2 Bh4+ 
15.Kf1 Nc6 16.Rd1 Be6 17.Bf3 Na5 18.g3 Nc4 19.Qf2 Be7 20.Kg2 Bf8 21.Rhe1 
Rc8 22.Ne3 Nxe3+ 23.Rxe3 Qd7 24.h4 Red8 25.Kh2 Bb3 26.Rd2 Rc7 27.Bg2 Be6 
28.Qe1 Rdc8 29.d5 Rd8 30.d6 Rcc8 31.f5 Bxf5 32.Re7 Re8 33.Rxd7 Rxe1 34.
Rxb7 Rd8 35.Rxa7 Rxd6 36.Rxd6 Bxd6 37.Ra8+ Bf8 38.a4 g6 39.Bd5 Rc1 40.a5 
Rc2+ 41.Kh1 Kg7 42.Ra7 Rc1+ 43.Kg2 Rc2+ 44.Kf3 Bc5 45.Rxf7+ Kh8 46.g4 Bd3 
47.Ne4 Bxe4+ 48.Kxe4 Rxb2 49.Rc7 Rb4+ 50.Kf3 Bg1 51.g5 h6 52.h5 Rb5 53.
Rc8+ Kh7 54.Rc7+ Kh8 55.Rd7 Rxa5 56.Rd8+ Kh7 57.Rd7+ Kh8 58.hxg6 Rxd5 59.
Rxd5 hxg5 60.Ke4 1-0

[Event "13th Central CC (Alekhine mem)"]
[Site "Moscow URS"]
[Date "1971.11.26"]
[Round "3"]
[White "Balashov, Yury"]
[Black "Uhlmann, Wolfgang"]
[Result "1-0"]
[WhiteElo "2570"]
[BlackElo "2570"]
[EventDate "1971.11.24"]
[PlyCount "113"]

1.e4 e6 2.d4 d5 3.Nd2 c5 4.Ngf3 Nc6 5.exd5 exd5 6.Bb5 Bd6 7.dxc5 Bxc5 8.
O-O Ne7 9.Nb3 Bd6 10.Bg5 O-O 11.Bh4 Bg4 12.Re1 Re8 13.Bg3 Bxg3 14.hxg3 Qb6
15.Bd3 Nf5 16.Bxf5 Bxf5 17.Rxe8+ Rxe8 18.Qd2 Be4 19.Re1 Rd8 20.Ng5 Bg6 21.
c3 a5 22.Qe2 f6 23.Qe6+ Kh8 24.Nf7+ Bxf7 25.Qxf7 Ne5 26.Qe7 Rg8 27.Qc5 
Qxc5 28.Nxc5 b6 29.Ne6 Nd3 30.Rb1 g5 31.Kf1 Re8 32.Nd4 Kg7 33.Nf5+ Kg6 34.
Ne3 Rd8 35.Ke2 Ne5 36.Rd1 Re8 37.Rxd5 Nc4 38.b3 Nxe3 39.fxe3 Re6 40.a4 f5 
41.Kf3 h5 42.Rd4 Kf6 43.Ke2 Ke5 44.Kd3 Rh6 45.c4 Rc6 46.Rd8 Kf6 47.Rd7 Re6
48.Rh7 Rd6+ 49.Ke2 Kg6 50.Ra7 Re6 51.Kf2 Kf6 52.Ra6 Rc6 53.Ra8 Rd6 54.Ke2 
Re6 55.Rd8 f4 56.gxf4 gxf4 57.Rf8+ 1-0

[Event "13th Central CC (Alekhine mem)"]
[Site "Moscow URS"]
[Date "1971.11.26"]
[Round "3"]
[White "Lengyel, Levente"]
[Black "Karpov, Anatoly"]
[Result "0-1"]
[WhiteElo "2485"]
[BlackElo "2540"]
[EventDate "1971.11.24"]
[PlyCount "81"]

1.d4 Nf6 2.c4 e6 3.g3 d5 4.Bg2 dxc4 5.Nf3 b5 6.Ne5 Nd5 7.O-O Bb7 8.e4 Nf6 
9.Re1 Nbd7 10.Qe2 a6 11.Nc3 Nxe5 12.dxe5 Nd7 13.Rd1 Qc8 14.f4 Bc5+ 15.Be3 
O-O 16.Rd2 Bxe3+ 17.Qxe3 c5 18.Rad1 Bc6 19.Rd6 Re8 20.R1d2 Qc7 21.Nd1 b4 
22.Bf1 Bb5 23.Bxc4 Nb6 24.Bxb5 axb5 25.b3 Nc8 26.Rd7 Qb6 27.Rc2 c4 28.Rd4 
Ra3 29.Nf2 Ne7 30.Qd2 c3 31.Qd3 Nc6 32.Rd6 Raa8 33.Kg2 Red8 34.a3 Rxd6 35.
exd6 Nd4 36.axb4 Nxc2 37.Qxc2 Qd4 38.Kf3 e5 39.Nd3 exf4 40.gxf4 f6 41.e5 
0-1

[Event "13th Central CC (Alekhine mem)"]
[Site "Moscow URS"]
[Date "1971.11.28"]
[Round "4"]
[White "Karpov, Anatoly"]
[Black "Gheorghiu, Florin"]
[Result "1/2-1/2"]
[WhiteElo "2540"]
[BlackElo "2530"]
[EventDate "1971.11.24"]
[PlyCount "36"]

1.e4 c5 2.Nf3 d6 3.d4 cxd4 4.Nxd4 Nf6 5.Nc3 a6 6.Be2 e5 7.Nb3 Be6 8.O-O 
Nbd7 9.f4 Qc7 10.f5 Bc4 11.a4 Be7 12.Bg5 O-O 13.a5 Rfc8 14.Bxc4 Qxc4 15.
Rf2 h6 16.Bxf6 Nxf6 17.Ra4 Qc7 18.Rd2 b5 1/2-1/2

[Event "13th Central CC (Alekhine mem)"]
[Site "Moscow URS"]
[Date "1971.11.29"]
[Round "5"]
[White "Balashov, Yury"]
[Black "Tal, Mikhail"]
[Result "1/2-1/2"]
[WhiteElo "2570"]
[BlackElo "2620"]
[EventDate "1971.11.24"]
[PlyCount "81"]

1.d4 Nf6 2.c4 d6 3.Nc3 Bf5 4.f3 e5 5.e4 exd4 6.Qxd4 Be6 7.Bd3 Nc6 8.Qe3 
Nb4 9.Nd5 Nxd3+ 10.Qxd3 Nd7 11.Qc2 g6 12.Bd2 Bg7 13.Bc3 Bxc3+ 14.Qxc3 O-O 
15.Ne2 Re8 16.O-O c6 17.Ndf4 Qb6+ 18.Kh1 Qc5 19.Rac1 Rad8 20.Rfd1 Nf8 21.
Rd2 f5 22.Ng3 Qe5 23.Nxe6 Nxe6 24.Rcd1 Qxc3 25.bxc3 Nc5 26.exf5 Re3 27.Rc2
Rde8 28.h4 Re1+ 29.Rxe1 Rxe1+ 30.Kh2 Kf7 31.fxg6+ hxg6 32.Kh3 a5 33.Rd2 
Re3 34.Rxd6 Rxc3 35.h5 gxh5 36.Nxh5 Rxc4 37.g4 Ke7 38.Rf6 Ne6 39.f4 Ng7 
40.f5 Nxh5 41.Re6+ 1/2-1/2

[Event "13th Central CC (Alekhine mem)"]
[Site "Moscow URS"]
[Date "1971.11.30"]
[Round "6"]
[White "Hort, Vlastimil"]
[Black "Byrne, Robert"]
[Result "0-1"]
[WhiteElo "2605"]
[BlackElo "2510"]
[EventDate "1971.11.24"]
[PlyCount "70"]

1.d4 Nf6 2.c4 e6 3.Nc3 d5 4.Nf3 Be7 5.Bg5 Nbd7 6.e3 O-O 7.Rc1 a6 8.cxd5 
exd5 9.Bd3 c6 10.Qc2 Re8 11.O-O Nf8 12.Ne5 Ng4 13.Bxe7 Qxe7 14.Nf3 Ng6 15.
h3 Nf6 16.Na4 Ne4 17.Nb6 Rb8 18.Bxe4 dxe4 19.Nd2 Nh4 20.Qc5 Qf6 21.Kh2 Bf5
22.Rce1 Rbd8 23.f4 exf3 24.Nxf3 Bd3 25.Rf2 Be4 26.Qb4 Bxf3 27.gxf3 Rxe3 
28.Rxe3 Qf4+ 29.Kg1 Qxe3 30.Qc3 Qf4 31.d5 Qg3+ 32.Kf1 Qxh3+ 33.Ke2 cxd5 
34.Qc7 Re8+ 35.Kd2 Qe6 0-1

[Event "13th Central CC (Alekhine mem)"]
[Site "Moscow URS"]
[Date "1971.11.30"]
[Round "6"]
[White "Tal, Mikhail"]
[Black "Uhlmann, Wolfgang"]
[Result "1-0"]
[WhiteElo "2620"]
[BlackElo "2570"]
[EventDate "1971.11.24"]
[PlyCount "37"]

1.e4 e6 2.d4 d5 3.Nd2 c5 4.Ngf3 Nc6 5.Bb5 dxe4 6.Nxe4 Bd7 7.Bg5 Qa5+ 8.Nc3
cxd4 9.Nxd4 Bb4 10.O-O Bxc3 11.bxc3 Qxc3 12.Nf5 exf5 13.Re1+ Be6 14.Qd6 a6
15.Bd2 Qxc2 16.Bb4 axb5 17.Qf8+ Kd7 18.Red1+ Kc7 19.Qxa8 1-0

[Event "13th Central CC (Alekhine mem)"]
[Site "Moscow URS"]
[Date "1971.11.30"]
[Round "6"]
[White "Petrosian, Tigran"]
[Black "Spassky, Boris"]
[Result "1-0"]
[WhiteElo "2640"]
[BlackElo "2690"]
[EventDate "1971.11.24"]
[PlyCount "77"]

1.d4 d5 2.c4 dxc4 3.Nf3 Nf6 4.e3 e6 5.Bxc4 c5 6.O-O a6 7.a4 Nc6 8.Qe2 Be7 
9.Rd1 cxd4 10.exd4 O-O 11.Nc3 Nd5 12.Qe4 Ncb4 13.Ne5 Ra7 14.Bb3 Nf6 15.Qh4
b6 16.Qg3 Bb7 17.Bh6 Ne8 18.Rac1 Kh8 19.d5 exd5 20.Be3 Ra8 21.Nc4 Nd6 22.
Bxb6 Qb8 23.Na5 Nf5 24.Qxb8 Raxb8 25.Nxb7 Rxb7 26.a5 Bg5 27.Rb1 d4 28.Nd5 
Nc6 29.Ba4 Rc8 30.f4 Nce7 31.Rbc1 Rcb8 32.fxg5 Nxd5 33.Bc6 Rxb6 34.axb6 
Nde3 35.b7 Nxd1 36.Rxd1 g6 37.g4 Ng7 38.Rxd4 Ne6 39.Rd7 1-0

[Event "13th Central CC (Alekhine mem)"]
[Site "Moscow URS"]
[Date "1971.11.30"]
[Round "6"]
[White "Tukmakov, Vladimir"]
[Black "Gheorghiu, Florin"]
[Result "1/2-1/2"]
[WhiteElo "2565"]
[BlackElo "2530"]
[EventDate "1971.11.24"]
[PlyCount "78"]

1.d4 Nf6 2.c4 e6 3.Nc3 Bb4 4.e3 c5 5.Nf3 O-O 6.Bd3 d5 7.O-O dxc4 8.Bxc4 
Nc6 9.a3 Ba5 10.Bd3 cxd4 11.exd4 h6 12.Bc2 Bxc3 13.bxc3 b6 14.Qd3 Bb7 15.
Bf4 Ne7 16.Rfe1 Ng6 17.Bd2 Rc8 18.Ne5 Nxe5 19.Rxe5 Bd5 20.Rae1 Re8 21.Qh3 
Kf8 22.g4 Nd7 23.Rh5 Nf6 24.Rxh6 gxh6 25.Qxh6+ Ke7 26.Bg5 Kd7 27.Bxf6 Qc7 
28.Qh5 Qxc3 29.Qxf7+ Kc6 30.Rc1 b5 31.Qxa7 Ra8 32.Qc5+ Qxc5 33.dxc5 Rxa3 
34.g5 Rf3 35.Be5 Ref8 36.Bd6 Rg8 37.g6 Rc3 38.Bf4 e5 39.Be3 e4 1/2-1/2

[Event "13th Central CC (Alekhine mem)"]
[Site "Moscow URS"]
[Date "1971.12.04"]
[Round "8"]
[White "Hort, Vlastimil"]
[Black "Uhlmann, Wolfgang"]
[Result "1/2-1/2"]
[WhiteElo "2605"]
[BlackElo "2570"]
[EventDate "1971.11.24"]
[PlyCount "32"]

1.d4 Nf6 2.c4 g6 3.Nc3 d5 4.Nf3 Bg7 5.Bf4 O-O 6.e3 c5 7.dxc5 Qa5 8.Rc1 
dxc4 9.Bxc4 Qxc5 10.Bb3 Nc6 11.O-O Qa5 12.h3 Bf5 13.Qe2 Ne4 14.Nxe4 Bxe4 
15.Nd2 Bd5 16.Bxd5 Qxd5 1/2-1/2

[Event "13th Central CC (Alekhine mem)"]
[Site "Moscow URS"]
[Date "1971.12.05"]
[Round "9"]
[White "Tal, Mikhail"]
[Black "Karpov, Anatoly"]
[Result "1/2-1/2"]
[WhiteElo "2620"]
[BlackElo "2540"]
[EventDate "1971.11.24"]
[PlyCount "210"]
[Source "Mikhail Tal Games 1963-1972, Volume II, Ed. Khalifman, 1995"]

1.d4 Nf6 2.Nf3 e6 3.c4 b6 4.g3 Be7 5.Bg2 Bb7 6.O-O O-O 7.Nc3 Ne4 8.Bd2 d5 
9.cxd5 exd5 10.Ne5 Nd7 11.Nd3 a5 12.Rc1 Ndf6 13.Bf4 c6 14.Ne5 c5 15.dxc5 
Nxc3 16.bxc3 Bxc5 17.Bg5 Re8 18.Ng4 Be7 19.Bxf6 Bxf6 20.c4 Be7 21.Ne3 Bg5 
22.Qd3 d4 23.Bxb7 dxe3 24.Bxa8 exf2+ 25.Kxf2 Be3+ 26.Qxe3 Rxe3 27.Kxe3 
Qxa8 28.Rfd1 Qc8 29.Rd5 h6 30.h4 Qg4 31.Kf2 Qe6 32.Rc3 Qh3 33.Kg1 Qg4 34.
Kf2 Qh3 35.a3 Qh2+ 36.Ke1 Qh1+ 37.Kd2 Qe4 38.Ke1 g6 39.Kf2 Kg7 40.Ke1 Qb1+
41.Kf2 Qe4 42.Ke1 Qb1+ 43.Rd1 Qe4 44.Rdd3 Qc6 45.Kd2 g5 46.hxg5 hxg5 47.
Rb3 Kg6 48.Rb5 f6 49.Rd4 Kh5 50.Rh4+ Kg6 51.Rd4 Kh5 52.Rb3 Qc5 53.Rbd3 b5 
54.cxb5 Qxb5 55.Rd5 Qb6 56.Rd6 Qb1 57.R6d5 Qb6 58.R5d4 Qb1 59.Rd6 Kg4 60.
Rf3 Qb2+ 61.Ke1 Qc1+ 62.Rd1 Qc5 63.Kf1 Qe5 64.Rd8 Qa1+ 65.Kf2 Qe5 66.Rfd3 
Qf5+ 67.Kg1 Qe5 68.R8d4+ Kh3 69.Kf1 Qf5+ 70.Kg1 Qe5 71.Kf2 Qf5+ 72.Rf3 Qe5
73.Rc4 Qd5 74.Rfc3 Qf5+ 75.Rf3 Qd5 76.g4+ Kh4 77.Rfc3 Qe5 78.Rd3 Qh2+ 79.
Kf1 Qh1+ 80.Kf2 Qh2+ 81.Ke1 Qe5 82.Rf3 Qd5 83.Rfc3 Qe5 84.Rd3 Qe6 85.Ra4 
Qe5 86.Rad4 Qe7 87.Kf2 Qe5 88.Kf1 Qh2 89.Re3 Qh1+ 90.Kf2 Qh2+ 91.Ke1 Qh1+ 
92.Kd2 Qa1 93.Rde4 Qb1 94.Rd3 Qb2+ 95.Ke1 Qc1+ 96.Kf2 Qh1 97.Rde3 Qh2+ 98.
Ke1 Qh1+ 99.Kd2 Qb1 100.Kc3 Qb6 101.Kc2 Qc6+ 102.Kd1 Qb7 103.Ke1 Qb1+ 104.
Kf2 Qh1 105.Rc4 Qh2+ 1/2-1/2

[Event "13th Central CC (Alekhine mem)"]
[Site "Moscow URS"]
[Date "1971.12.07"]
[Round "10"]
[White "Parma, Bruno"]
[Black "Olafsson, Fridrik"]
[Result "1/2-1/2"]
[WhiteElo "2530"]
[BlackElo "2570"]
[EventDate "1971.11.24"]
[PlyCount "32"]

1.e4 Nf6 2.e5 Nd5 3.d4 d6 4.c4 Nb6 5.f4 Bf5 6.Nc3 e6 7.Nf3 Be7 8.Be3 O-O 
9.Be2 Na6 10.exd6 cxd6 11.O-O Nb4 12.Rc1 d5 13.a3 Nc6 14.c5 Nc4 15.Bxc4 
dxc4 16.d5 exd5 1/2-1/2

[Event "13th Central CC (Alekhine mem)"]
[Site "Moscow URS"]
[Date "1971.12.07"]
[Round "10"]
[White "Savon, Vladimir"]
[Black "Lengyel, Levente"]
[Result "1-0"]
[WhiteElo "2570"]
[BlackElo "2485"]
[EventDate "1971.11.24"]
[PlyCount "98"]

1.c4 e6 2.Nf3 Nf6 3.Nc3 d5 4.d4 Be7 5.Bg5 O-O 6.e3 h6 7.Bh4 b6 8.Bd3 Bb7 
9.O-O Nbd7 10.Qe2 c5 11.cxd5 Nxd5 12.Bg3 cxd4 13.Nxd5 Bxd5 14.Nxd4 Nc5 15.
Bc2 Ne4 16.Rfd1 Nxg3 17.hxg3 Qb8 18.e4 Bb7 19.e5 Rd8 20.Be4 Rd7 21.Nc6 
Rxd1+ 22.Rxd1 Qc7 23.Nxe7+ Qxe7 24.Rd6 Rc8 25.Bxb7 Qxb7 26.Kh2 g6 27.Qe3 
Kg7 28.Qd4 Qa6 29.Rd7 Qc4 30.Qd6 Qxa2 31.Rxf7+ Kxf7 32.Qd7+ Kf8 33.Qxc8+ 
Ke7 34.Qc7+ Ke8 35.Qg7 Qb1 36.Qg8+ Ke7 37.Qh7+ Ke8 38.Qxa7 Qxb2 39.Qb8+ 
Kf7 40.Qc7+ Ke8 41.Qc6+ Ke7 42.Qd6+ Kf7 43.Qd7+ Kf8 44.Qd8+ Kg7 45.Qe7+ 
Kh8 46.Qf6+ Kh7 47.Qf7+ Kh8 48.f4 Qe2 49.Qxg6 b5 1-0

[Event "13th Central CC (Alekhine mem)"]
[Site "Moscow URS"]
[Date "1971.12.08"]
[Round "11"]
[White "Karpov, Anatoly"]
[Black "Hort, Vlastimil"]
[Result "1-0"]
[WhiteElo "2540"]
[BlackElo "2605"]
[EventDate "1971.11.24"]
[PlyCount "65"]

1.e4 c5 2.Nf3 d6 3.d4 cxd4 4.Nxd4 Nf6 5.Nc3 e6 6.g4 Nc6 7.g5 Nd7 8.f4 a6 
9.Be3 Be7 10.Rg1 Nxd4 11.Qxd4 e5 12.Qd2 exf4 13.Bxf4 Ne5 14.Be2 Be6 15.Nd5
Bxd5 16.exd5 Ng6 17.Be3 h6 18.gxh6 Bh4+ 19.Kd1 gxh6 20.Bxh6 Bf6 21.c3 Be5 
22.Rg4 Qf6 23.h4 Qf5 24.Rb4 Bf6 25.h5 Ne7 26.Rf4 Qe5 27.Rf3 Nxd5 28.Rd3 
Rxh6 29.Rxd5 Qe4 30.Rd3 Qh1+ 31.Kc2 Qxa1 32.Qxh6 Be5 33.Qg5 1-0

[Event "13th Central CC (Alekhine mem)"]
[Site "Moscow URS"]
[Date "1971.12.08"]
[Round "11"]
[White "Uhlmann, Wolfgang"]
[Black "Korchnoi, Viktor"]
[Result "1-0"]
[WhiteElo "2570"]
[BlackElo "2670"]
[EventDate "1971.11.24"]
[PlyCount "117"]

1.c4 e5 2.Nc3 Nf6 3.Nf3 Nc6 4.g3 d5 5.cxd5 Nxd5 6.Bg2 Nb6 7.O-O Be7 8.a3 
a5 9.d3 O-O 10.Be3 Bg4 11.Rc1 Re8 12.Na4 Nd5 13.Bc5 Bf6 14.h3 Be6 15.Kh2 
Qd7 16.Qc2 g6 17.Rfd1 b6 18.e4 Nde7 19.d4 exd4 20.Bxe7 Nxe7 21.e5 Bf5 22.
Qxc7 Qxa4 23.exf6 Nd5 24.Qc6 Qxc6 25.Rxc6 Rac8 26.Rd6 Be6 27.Nxd4 Nxf6 28.
Rxb6 Rb8 29.Rxb8 Rxb8 30.Rd2 Bd7 31.g4 Rc8 32.Kg3 Ne8 33.Ne2 Nf6 34.g5 
Nh5+ 35.Kh4 Bc6 36.Bxc6 Rxc6 37.Kg4 Rc5 38.f4 Rc4 39.b3 Rc5 40.b4 axb4 41.
axb4 Rc4 42.Rb2 h6 43.b5 Rc7 44.b6 Rb7 45.Ng3 Nxg3 46.Kxg3 f5 47.gxh6 Kh7 
48.Kf3 Kxh6 49.Ke3 g5 50.Kd4 gxf4 51.Kc5 Kg5 52.Rb3 Rb8 53.Kc6 Kf6 54.b7 
Ke5 55.Kc7 Rh8 56.b8=Q Rxb8 57.Rxb8 Ke4 58.h4 f3 59.h5 1-0

[Event "13th Central CC (Alekhine mem)"]
[Site "Moscow URS"]
[Date "1971.12.08"]
[Round "11"]
[White "Lengyel, Levente"]
[Black "Parma, Bruno"]
[Result "1/2-1/2"]
[WhiteElo "2485"]
[BlackElo "2530"]
[EventDate "1971.11.24"]
[PlyCount "34"]

1.d4 Nf6 2.c4 e6 3.Nf3 b6 4.g3 Bb7 5.Bg2 Be7 6.O-O O-O 7.Nc3 Ne4 8.Nxe4 
Bxe4 9.Ne1 Bxg2 10.Nxg2 d5 11.Qa4 dxc4 12.Qxc4 c5 13.dxc5 Bxc5 14.Be3 Nd7 
15.Bxc5 Nxc5 16.Rfd1 Qf6 17.Rd2 Rfd8 1/2-1/2

[Event "13th Central CC (Alekhine mem)"]
[Site "Moscow URS"]
[Date "1971.12.09"]
[Round "12"]
[White "Tukmakov, Vladimir"]
[Black "Karpov, Anatoly"]
[Result "1/2-1/2"]
[WhiteElo "2565"]
[BlackElo "2540"]
[EventDate "1971.11.24"]
[PlyCount "41"]

1.e4 e5 2.Nf3 Nc6 3.Bb5 a6 4.Ba4 Nf6 5.O-O Be7 6.Re1 b5 7.Bb3 d6 8.c3 O-O 
9.h3 Nb8 10.d4 Nbd7 11.c4 c6 12.cxb5 axb5 13.Nc3 Ba6 14.a3 c5 15.dxc5 dxc5
16.Bg5 c4 17.Bc2 Qc7 18.Nh2 Qb6 19.Ng4 Rfe8 20.Qf3 Bb7 21.Bxf6 1/2-1/2

[Event "13th Central CC (Alekhine mem)"]
[Site "Moscow URS"]
[Date "1971.12.09"]
[Round "12"]
[White "Korchnoi, Viktor"]
[Black "Spassky, Boris"]
[Result "1-0"]
[WhiteElo "2670"]
[BlackElo "2690"]
[EventDate "1971.11.24"]
[PlyCount "58"]

1.Nf3 d5 2.c4 e6 3.g3 Nf6 4.Bg2 Be7 5.O-O O-O 6.d4 c6 7.Qc2 Nbd7 8.b3 b6 
9.Rd1 Bb7 10.Nc3 b5 11.cxb5 cxb5 12.Nxb5 Qa5 13.a4 Ne4 14.Nd2 Rac8 15.Qa2 
a6 16.Bxe4 dxe4 17.Nc4 Rxc4 18.bxc4 axb5 19.axb5 Qc7 20.c5 Bd5 21.Qa7 Qd8 
22.c6 Nf6 23.Ba3 Bxa3 24.Rxa3 Bc4 25.b6 e3 26.Rxe3 Nd5 27.b7 Nxe3 28.fxe3 
Qg5 29.d5 Bxe2 1-0

[Event "13th Central CC (Alekhine mem)"]
[Site "Moscow URS"]
[Date "1971.12.15"]
[Round "15"]
[White "Balashov, Yury"]
[Black "Olafsson, Fridrik"]
[Result "1-0"]
[WhiteElo "2570"]
[BlackElo "2570"]
[EventDate "1971.11.24"]
[PlyCount "115"]

1.d4 Nf6 2.c4 e6 3.Nc3 Bb4 4.e3 c5 5.Ne2 d6 6.a3 Ba5 7.g3 d5 8.dxc5 dxc4 
9.Qxd8+ Kxd8 10.Bd2 e5 11.Rd1 Na6 12.Na4 Bxd2+ 13.Rxd2+ Ke7 14.Nec3 Be6 
15.Bg2 Rab8 16.Nb5 Bd7 17.c6 bxc6 18.Nd6 Be6 19.O-O Rhd8 20.Rfd1 g6 21.Ne4
Rxd2 22.Rxd2 Nxe4 23.Bxe4 Rc8 24.Bf3 Rc7 25.Rc2 Kd6 26.Rd2+ Ke7 27.Be2 c5 
28.Rc2 Nb8 29.Bxc4 Nd7 30.Bxe6 Kxe6 31.Kf1 Kd5 32.Ke2 f5 33.e4+ Kd6 34.Nc3
Rb7 35.f3 Nb6 36.exf5 gxf5 37.g4 fxg4 38.fxg4 c4 39.Rd2+ Kc6 40.Ke3 Rg7 
41.h3 h5 42.Rg2 hxg4 43.hxg4 Nd5+ 44.Nxd5 Kxd5 45.g5 Rb7 46.Kf3 e4+ 47.Kf4
Rf7+ 48.Ke3 Rf3+ 49.Kd2 Rb3 50.Kc2 e3 51.g6 Rb8 52.g7 Rg8 53.Kd1 Ke4 54.
Ke2 Kf4 55.Rg1 Ke4 56.Rg3 Kf4 57.Rf3+ Kg5 58.Kxe3 1-0

[Event "13th Central CC (Alekhine mem)"]
[Site "Moscow URS"]
[Date "1971.12.15"]
[Round "15"]
[White "Hort, Vlastimil"]
[Black "Korchnoi, Viktor"]
[Result "1-0"]
[WhiteElo "2605"]
[BlackElo "2670"]
[EventDate "1971.11.24"]
[PlyCount "81"]

1.c4 Nf6 2.Nf3 b6 3.g3 Bb7 4.Bg2 e5 5.d3 Bb4+ 6.Bd2 Bxd2+ 7.Qxd2 O-O 8.O-O
Re8 9.Nc3 c6 10.Rac1 d5 11.cxd5 cxd5 12.d4 e4 13.Ne5 Nbd7 14.Nxd7 Qxd7 15.
Nd1 Re7 16.Qf4 Ne8 17.Ne3 Nd6 18.Bh3 Qd8 19.Rc2 Rc7 20.Rfc1 Rxc2 21.Rxc2 
g6 22.Qe5 f6 23.Qe6+ Kf8 24.Nxd5 Rc8 25.Rxc8 Bxc8 26.Nf4 g5 27.Qxc8 Qxc8 
28.Bxc8 gxf4 29.Be6 Ke7 30.Bg8 Nf5 31.Bxh7 Nxd4 32.Bxe4 fxg3 33.fxg3 Nxe2+
34.Kf2 Nd4 35.Ke3 Ne6 36.Bf5 Nd8 37.h4 Kd6 38.Ke4 Nc6 39.Bc8 Ke7 40.Ba6 
Kf7 41.Bc4+ 1-0

[Event "13th Central CC (Alekhine mem)"]
[Site "Moscow URS"]
[Date "1971.12.15"]
[Round "15"]
[White "Karpov, Anatoly"]
[Black "Stein, Leonid"]
[Result "1/2-1/2"]
[WhiteElo "2540"]
[BlackElo "2605"]
[EventDate "1971.11.24"]
[PlyCount "35"]

1.e4 e5 2.Nf3 Nc6 3.Bb5 a6 4.Ba4 Nf6 5.O-O Be7 6.Re1 b5 7.Bb3 d6 8.c3 O-O 
9.h3 Nb8 10.d4 Nbd7 11.Bg5 Bb7 12.Nbd2 h6 13.Bh4 Re8 14.Qb1 c5 15.a4 Qb6 
16.dxe5 Nxe5 17.axb5 axb5 18.Rxa8 1/2-1/2

[Event "13th Central CC (Alekhine mem)"]
[Site "Moscow URS"]
[Date "1971.12.15"]
[Round "15"]
[White "Spassky, Boris"]
[Black "Savon, Vladimir"]
[Result "1-0"]
[WhiteElo "2690"]
[BlackElo "2570"]
[EventDate "1971.11.24"]
[PlyCount "71"]

1.d4 Nf6 2.c4 c5 3.d5 e6 4.Nc3 exd5 5.cxd5 d6 6.e4 g6 7.f4 Bg7 8.Bb5+ Nfd7
9.Bd3 O-O 10.Nf3 Na6 11.O-O Rb8 12.Kh1 Nc7 13.a4 a6 14.f5 b5 15.axb5 Nxb5 
16.Bg5 f6 17.Bf4 Ne5 18.h3 Rf7 19.g4 Bf8 20.Ra2 Nd4 21.Nxd4 cxd4 22.Ne2 
Rb4 23.Nc1 Qb6 24.Rf2 a5 25.Rc2 Rc7 26.Bd2 Nxd3 27.Nxd3 Rb5 28.Rxc7 Qxc7 
29.Qa4 Bd7 30.Qxd4 Qc2 31.Bc3 Qe2 32.Ra1 Be7 33.Re1 Qf3+ 34.Kh2 Rb8 35.Re3
Qf1 36.Rg3 1-0

[Event "13th Central CC (Alekhine mem)"]
[Site "Moscow URS"]
[Date "1971.12.16"]
[Round "16"]
[White "Korchnoi, Viktor"]
[Black "Tukmakov, Vladimir"]
[Result "0-1"]
[WhiteElo "2670"]
[BlackElo "2565"]
[EventDate "1971.11.24"]
[PlyCount "80"]

1.d4 Nf6 2.Nf3 g6 3.c4 Bg7 4.Nc3 d5 5.Qb3 dxc4 6.Qxc4 O-O 7.e4 Na6 8.Bf4 
c5 9.O-O-O cxd4 10.Nxd4 Bd7 11.f3 Rc8 12.Qb3 Nc5 13.Qa3 Nfxe4 14.fxe4 e5 
15.Nc6 Rxc6 16.Bb5 Rc7 17.Be3 Ne6 18.Rxd7 Rxd7 19.Bxd7 Qxd7 20.Qxa7 Nd4 
21.Rd1 Rc8 22.Kb1 Qg4 23.Rd2 Rxc3 24.bxc3 Qxe4+ 25.Kc1 Qxe3 26.Qb8+ Bf8 
27.cxd4 exd4 28.Qc8 d3 29.g4 Qd4 30.Kb1 Qb4+ 31.Kc1 Qd4 32.Kb1 b5 33.a3 b4
34.a4 Qe3 35.Qc1 Bh6 36.Rd1 Qe2 37.Qc8+ Kg7 38.Rh1 Bd2 39.Qc4 Bc3 40.Qb3 
Qxg4 0-1

[Event "13th Central CC (Alekhine mem)"]
[Site "Moscow URS"]
[Date "1971.12.18"]
[Round "17"]
[White "Tal, Mikhail"]
[Black "Parma, Bruno"]
[Result "1-0"]
[WhiteElo "2620"]
[BlackElo "2530"]
[EventDate "1971.11.24"]
[PlyCount "65"]

1.Nf3 c5 2.e4 d6 3.Nc3 Nc6 4.d4 cxd4 5.Nxd4 g6 6.Nd5 e6 7.Nc3 Nf6 8.Be2 a6
9.O-O Bg7 10.Bg5 Qc7 11.Nb3 O-O 12.a4 b6 13.Qd2 Bb7 14.Rad1 Ne8 15.f4 Ne7 
16.Nd4 h6 17.Bh4 Nf6 18.Qe3 Qc5 19.Kh1 Nc6 20.e5 dxe5 21.fxe5 Ne8 22.Ne4 
Qxe5 23.Bg3 Qxd4 24.Rxd4 Nxd4 25.Bd3 Bd5 26.c3 Nf5 27.Qxb6 Nxg3+ 28.hxg3 
f5 29.Nc5 Nf6 30.Nxe6 Rab8 31.Qxa6 Rxb2 32.Nxf8 Kxf8 33.Rb1 1-0